00398nam a2200157Ia 4500008004100000020001400041084001700055100002500072245002900097250002000126260001900146260000900165260002200174300000900196500003500205180424s9999 xx 000 0 und d a138961689 a150.194 3 W3 a"Wagner Iii, John A" 0aOrganizational Behaviour a\\199803ENGGPSX aPrentice Hall  b1998 cEnglewood Cliffs  a444p aincludes index and biblioraphy